000 00746nam a2200301Ia 4500
005 20260121124641.0
008 008 260114s9999 xx 000 0 eng d
020 _a9781529225075
037 _aEBOOK
040 _aCRL
040 _beng
040 _cCRL
041 _2eng
041 _aeng
084 _qCRL
100 _aHagen, Jamie J.
_9979588
245 0 _aQueer Conflict Research
260 _bWalter de Gruyter
260 _bWalter de Gruyter
260 _c2024
650 _aPolitical Science
_9979589
700 _a Delatolla, Andrew
_9979590
700 _a Ritholtz, Samuel
_9979591
856 _uhttp://www.degruyter.com/isbn/9781529225075
942 _cEBOOK
999 _c1556171
_d1556171